Understanding criminological research: a guide to data analysis
| Autor principal: | |
|---|---|
| Tipo de documento: | Print Libro |
| Lenguaje: | Inglés |
| Publicado: |
Los Angeles [u.a.]
Sage
2013
|
| En: | Año: 2013 |
| Acceso en línea: |
Índice Blurb (Publisher) |
| Disponibilidad en Tübingen: | Disponible en Tübingen. UB: KB 20 A 5989 |
| Verificar disponibilidad: | HBZ Gateway |
| Servicio de pedido Subito: | Pedir ahora. |
| Palabras clave: |
MARC
| LEADER | 00000cam a2200000 c 4500 | ||
|---|---|---|---|
| 001 | 1618088734 | ||
| 003 | DE-627 | ||
| 005 | 20251225201031.0 | ||
| 007 | tu | ||
| 008 | 120731s2013 xx ||||| 00| ||eng c | ||
| 020 | |a 9781446208571 |9 978-1-4462-0857-1 | ||
| 020 | |a 9781446208588 |9 978-1-4462-0858-8 | ||
| 035 | |a (DE-627)1618088734 | ||
| 035 | |a (DE-576)369405986 | ||
| 035 | |a (DE-599)BSZ369405986 | ||
| 035 | |a (OCoLC)840775668 | ||
| 040 | |a DE-627 |b ger |c DE-627 |e rakwb | ||
| 041 | |a eng | ||
| 082 | 0 | |a 364.072 | |
| 084 | |a 2,1 |2 ssgn | ||
| 100 | 1 | |a Chamberlain, John Martyn |d 1972- |0 (DE-588)1067537694 |0 (DE-627)818876107 |0 (DE-576)369405978 |4 aut | |
| 109 | |a Chamberlain, John Martyn 1972- |a Chamberlain, John 1972- |a Chamberlain, J. Martyn 1972- |a Chamberlain, Marty 1972- | ||
| 245 | 1 | 0 | |a Understanding criminological research |b a guide to data analysis |c John Martyn Chamberlain |
| 264 | 1 | |a Los Angeles [u.a.] |b Sage |c 2013 | |
| 300 | |a 252 S. | ||
| 336 | |a Text |b txt |2 rdacontent | ||
| 337 | |a ohne Hilfsmittel zu benutzen |b n |2 rdamedia | ||
| 338 | |a Band |b nc |2 rdacarrier | ||
| 583 | 1 | |a Archivierung/Langzeitarchivierung gewährleistet |f SSG |x XA-DE-BW |2 pdager |5 DE-21 | |
| 655 | 7 | |a Lehrbuch |0 (DE-588)4123623-3 |0 (DE-627)104270187 |0 (DE-576)209561262 |2 gnd-content | |
| 689 | 0 | 0 | |d s |0 (DE-588)4033197-0 |0 (DE-627)106258532 |0 (DE-576)209000562 |a Kriminologie |2 gnd |
| 689 | 0 | 1 | |d s |0 (DE-588)4123037-1 |0 (DE-627)105758051 |0 (DE-576)209556331 |a Datenanalyse |2 gnd |
| 689 | 0 | |5 (DE-627) | |
| 856 | 4 | 2 | |u https://swbplus.bsz-bw.de/bsz369405986inh.htm |m B:DE-576;DE-Frei85 |q application/pdf |v 20121219163802 |x Verlag |3 Inhaltsverzeichnis |7 1 |
| 856 | 4 | 2 | |u https://swbplus.bsz-bw.de/bsz369405986kla.htm |m B:DE-576;DE-21 |q application/pdf |v 20121220115706 |x Verlag |3 Klappentext |7 1 |
| 951 | |a BO | ||
| ELC | |b 1 | ||
| LOK | |0 000 xxxxxcx a22 zn 4500 | ||
| LOK | |0 001 3213482366 | ||
| LOK | |0 003 DE-627 | ||
| LOK | |0 004 1618088734 | ||
| LOK | |0 005 20121205154635 | ||
| LOK | |0 008 120731||||||||||||||||ger||||||| | ||
| LOK | |0 040 |a DE-21 |c DE-627 |d DE-21 | ||
| LOK | |0 852 |a DE-21 | ||
| LOK | |0 852 1 |c KB 20 A 5989 |9 00 | ||
| LOK | |0 935 |a krim | ||
| LOK | |0 936ln |a k1.6 | ||
| LOK | |0 938 |a 1212 |f 34 | ||
| LOK | |0 939 |a 31-07-12 |b l01 | ||
| LOK | |0 000 xxxxxcx a22 zn 4500 | ||
| LOK | |0 001 3213482420 | ||
| LOK | |0 003 DE-627 | ||
| LOK | |0 004 1618088734 | ||
| LOK | |0 005 20121212155857 | ||
| LOK | |0 008 120806||||||||||||||||ger||||||| | ||
| LOK | |0 040 |a DE-Frei85 |c DE-627 |d DE-Frei85 | ||
| LOK | |0 852 |a DE-Frei85 | ||
| LOK | |0 852 1 |m p |9 00 | ||
| LOK | |0 938 |k p | ||
| LOK | |0 939 |a 06-08-12 |b l01 | ||
| ORI | |a SA-MARC-krimdoka001.raw | ||
| SIG | |a UB: KB 20 A 5989 | ||
